Vista normal Vista MARC

Entrada Personal Name

Número de registros utilizados en: 1

001 - CONTROL NUMBER

  • control field: 10074

003 - CONTROL NUMBER IDENTIFIER

  • control field: OSt

005 - DATE AND TIME OF LATEST TRANSACTION

  • control field: 20200909182719.0

008 - FIXED-LENGTH DATA ELEMENTS

  • fixed length control field: 200909|| aca||aabn | a|a d

040 ## - CATALOGING SOURCE

  • Original cataloging agency: OSt
  • Transcribing agency: OSt

100 ## - HEADING--PERSONAL NAME

  • Personal name: Montenegro Beltran, Calixto

670 ## - SOURCE DATA FOUND

  • Source citation: Work cat.: (OSt)5952: Montenegro Beltran, Calixto, autor, Delitos contra la fe pública : , 1982